<?xml version="1.0" encoding="UTF-8"?>
<record
    xmlns:xsi="http://www.w3.org/2001/XMLSchema-instance"
    xsi:schemaLocation="http://www.loc.gov/MARC21/slim http://www.loc.gov/standards/marcxml/schema/MARC21slim.xsd"
    xmlns="http://www.loc.gov/MARC21/slim">

  <leader>01077nam1a22002771i 4500</leader>
  <controlfield tag="001">v19\rc\1552331</controlfield>
  <controlfield tag="005">20240726071503.0</controlfield>
  <datafield tag="035" ind1=" " ind2=" ">
    <subfield code="a">(NLR Aleph) 004666913</subfield>
  </datafield>
  <datafield tag="090" ind1=" " ind2=" ">
    <subfield code="a">3625764</subfield>
    <subfield code="c">3625764</subfield>
  </datafield>
  <datafield tag="100" ind1=" " ind2=" ">
    <subfield code="a">20060620g18901892|||y0rusy50      ca</subfield>
  </datafield>
  <datafield tag="101" ind1="0" ind2=" ">
    <subfield code="a">rus</subfield>
  </datafield>
  <datafield tag="102" ind1=" " ind2=" ">
    <subfield code="a">RU</subfield>
  </datafield>
  <datafield tag="105" ind1=" " ind2=" ">
    <subfield code="a">y   z   |||||</subfield>
  </datafield>
  <datafield tag="200" ind1="1" ind2=" ">
    <subfield code="a">&#x413;&#x43E;&#x434;&#x43E;&#x432;&#x43E;&#x439; &#x43E;&#x442;&#x447;&#x435;&#x442; &#x410;&#x43A;&#x43A;&#x435;&#x440;&#x43C;&#x430;&#x43D;&#x441;&#x43A;&#x43E;&#x439; &#x433;&#x43E;&#x440;&#x43E;&#x434;&#x441;&#x43A;&#x43E;&#x439; &#x43B;&#x435;&#x447;&#x435;&#x431;&#x43D;&#x438;&#x446;&#x44B;...</subfield>
  </datafield>
  <datafield tag="210" ind1=" " ind2=" ">
    <subfield code="a">&#x410;&#x43A;&#x43A;&#x435;&#x440;&#x43C;&#x430;&#x43D;</subfield>
    <subfield code="d">1890-1892</subfield>
  </datafield>
  <datafield tag="215" ind1=" " ind2=" ">
    <subfield code="d">18-22</subfield>
  </datafield>
  <datafield tag="300" ind1=" " ind2=" ">
    <subfield code="a">&#x417;&#x430;&#x433;&#x43B;. &#x43E;&#x442;&#x447;&#x435;&#x442;&#x430; &#x437;&#x430; 1889 &#x433;.: &#x41E;&#x442;&#x447;&#x435;&#x442; &#x410;&#x43A;&#x43A;&#x435;&#x440;&#x43C;&#x430;&#x43D;&#x441;&#x43A;&#x43E;&#x439; &#x433;&#x43E;&#x440;&#x43E;&#x434;&#x441;&#x43A;&#x43E;&#x439; &#x43B;&#x435;&#x447;&#x435;&#x431;&#x43D;&#x438;&#x446;&#x44B; &#x434;&#x43B;&#x44F; &#x43F;&#x440;&#x438;&#x445;&#x43E;&#x434;&#x44F;&#x449;&#x438;&#x445; &#x431;&#x43E;&#x43B;&#x44C;&#x43D;&#x44B;&#x445;</subfield>
  </datafield>
  <datafield tag="517" ind1="0" ind2=" ">
    <subfield code="a">&#x41E;&#x442;&#x447;&#x435;&#x442; &#x410;&#x43A;&#x43A;&#x435;&#x440;&#x43C;&#x430;&#x43D;&#x441;&#x43A;&#x43E;&#x439; &#x433;&#x43E;&#x440;&#x43E;&#x434;&#x441;&#x43A;&#x43E;&#x439; &#x43B;&#x435;&#x447;&#x435;&#x431;&#x43D;&#x438;&#x446;&#x44B; &#x434;&#x43B;&#x44F; &#x43F;&#x440;&#x438;&#x445;&#x43E;&#x434;&#x44F;&#x449;&#x438;&#x445; &#x431;&#x43E;&#x43B;&#x44C;&#x43D;&#x44B;&#x445;</subfield>
  </datafield>
  <datafield tag="710" ind1="0" ind2="2">
    <subfield code="a">&#x410;&#x43A;&#x43A;&#x435;&#x440;&#x43C;&#x430;&#x43D;&#x441;&#x43A;&#x430;&#x44F; &#x433;&#x43E;&#x440;. &#x43B;&#x435;&#x447;&#x435;&#x431;&#x43D;&#x438;&#x446;&#x430;</subfield>
  </datafield>
  <datafield tag="801" ind1=" " ind2="0">
    <subfield code="a">RU</subfield>
    <subfield code="b">NLR</subfield>
    <subfield code="g">psbo</subfield>
  </datafield>
  <datafield tag="801" ind1=" " ind2="0">
    <subfield code="a">RU</subfield>
    <subfield code="b">RuMoRGB</subfield>
    <subfield code="2">psbo</subfield>
  </datafield>
  <datafield tag="801" ind1=" " ind2="1">
    <subfield code="a">RU</subfield>
    <subfield code="b">ProSoft-M</subfield>
    <subfield code="2">rusmarc</subfield>
  </datafield>
  <datafield tag="852" ind1=" " ind2=" ">
    <subfield code="a">NLR (1889)</subfield>
    <subfield code="j">&#x428;&#x438;&#x444;&#x440;&#x44B; &#x440;&#x430;&#x437;&#x43D;&#x44B;&#x435;</subfield>
  </datafield>
  <datafield tag="899" ind1=" " ind2=" ">
    <subfield code="a">RuMoRGB (1889, 1891)</subfield>
    <subfield code="j">A 174/92</subfield>
  </datafield>
  <datafield tag="899" ind1=" " ind2=" ">
    <subfield code="a">&#x411;&#x410;&#x41D; (1891)</subfield>
  </datafield>
  <datafield tag="942" ind1=" " ind2=" ">
    <subfield code="c">BOOK</subfield>
  </datafield>
</record>
